Flexibility carries a heavy price (Record no. 71069)
[ view plain ]
| 000 -LEADER | |
|---|---|
| fixed length control field | 01264cam a2200241 4500 |
| 001 - CONTROL NUMBER | |
| control field | ABS65851 |
| 008 - FIXED-LENGTH DATA ELEMENTS--GENERAL INFORMATION | |
| fixed length control field | 020903n2002 000 0 eng u |
| 035 ## - SYSTEM CONTROL NUMBER | |
| System control number | (Sirsi) u119540 |
| 100 ## - MAIN ENTRY--PERSONAL NAME | |
| Personal name | Mellor, A. |
| 245 ## - TITLE STATEMENT | |
| Title | Flexibility carries a heavy price |
| 260 ## - PUBLICATION, DISTRIBUTION, ETC. | |
| Date of publication, distribution, etc. | 2002 |
| 490 ## - SERIES STATEMENT | |
| Series statement | Estates Gazette |
| Volume/sequential designation | (0234) 24 August 2002, 80-81(2) |
| 520 ## - SUMMARY, ETC. | |
| Summary, etc. | Discussion about commercial leases and the changing legal environment. Considers that there is a demand for greater lease flexibility but any attempt by the government to regulate this such as the banning of upward only rent reviews by introducing legislation has only ever produced voluntary codes. Looks at other legislation such as the Landlord and Tenant Act 1954 and the pressure on the government to update it. Concludes by arguing that the changing legal environment will put pressure on the market to provide for shorter and more flexible lease terms but questions whether tenants will be prepared to pay for it. |
| 590 ## - LOCAL NOTE (RLIN) | |
| Local note | ABS |
| 650 ## - SUBJECT ADDED ENTRY--TOPICAL TERM | |
| Topical term or geographic name entry element | COMMERCIAL LEASES |
| 650 ## - SUBJECT ADDED ENTRY--TOPICAL TERM | |
| Topical term or geographic name entry element | PROPERTY COSTS |
| 650 ## - SUBJECT ADDED ENTRY--TOPICAL TERM | |
| Topical term or geographic name entry element | UPWARD ONLY RENT REVIEWS |
| 650 ## - SUBJECT ADDED ENTRY--TOPICAL TERM | |
| Topical term or geographic name entry element | LANDLORD AND TENANT ACT 1954 |
| 650 ## - SUBJECT ADDED ENTRY--TOPICAL TERM | |
| Topical term or geographic name entry element | LAND REGISTRATION ACT 2002 |
| 690 ## - LOCAL SUBJECT ADDED ENTRY--TOPICAL TERM (OCLC, RLIN) | |
| Topical term or geographic name as entry element | LANDLORD AND TENANT-LEASES |
| 700 ## - ADDED ENTRY--PERSONAL NAME | |
| Personal name | Allyson, C. |
| 942 ## - ADDED ENTRY ELEMENTS (KOHA) | |
| Suppress in OPAC | 0 |
| Withdrawn status | Lost status | Source of classification or shelving scheme | Damaged status | Not for loan | Home library | Current library | Shelving location | Date acquired | Total Checkouts | Full call number | Barcode | Date last seen | Copy number | Price effective from | Koha item type |
|---|---|---|---|---|---|---|---|---|---|---|---|---|---|---|---|
| Dewey Decimal Classification | London | London | Journal article | 03/09/2002 | ABS65851 | 119540-1001 | 06/08/2019 | 1 | 06/08/2019 | Journal article |